Guess the country of each Miss Earth - Statistics

General Stats
  • This quiz has been taken 5 times
  • The average score is 12 of 26
Answer Stats
Picture Answer % Correct
South Korea
100%
Czech Republic
75%
Czech Republic
75%
Albania
50%
Australia
50%
Chile
50%
Denmark
50%
Ecuador
50%
India
50%
Philippines
50%
Philippines
50%
Philippines
50%
Philippines
50%
United States
50%
Venezuela
50%
Venezuela
50%
Vietnam
50%
Belize
25%
Bosnia and Herzegovina (dethroned)
25%
Brazil
25%
Brazil
25%
Canada
25%
Ecuador
25%
Honduras
25%
Kenya
25%
Puerto Rico
25%
No matching quizzes found
Score Distribution
Percent of People with Each Score
Percentile by Number Answered
Your Score History
You have not taken this quiz